00301nam a22001217a 4500008004100000020001800041100003000059245003100089250001200120260002700132300000800159546001200167230524b |||||||| |||| 00| 0 eng d a9789332581180 aR. I. Levin & D. S. Rubin aStatistics for Management  a8th Ed. aUPbPearson Pub.c2023 a985 aEnglish